Name the Islands of the Greater Antilles - Statistics

General Stats
  • This quiz has been taken 26 times
  • The average score is 4 of 16
Answer Stats
Picture Answer % Correct
Cuba
100%
Hispaniola
72%
Jamaica
72%
Puerto Rico
68%
Cayman Brac
8%
Greater Cayman
8%
Juventud Island
8%
Little Cayman
8%
Vieques
8%
St. Croix
4%
Tortola
4%
Gonâve Island
0%
Mona Island
0%
St. John
0%
St. Thomas
0%
Tortuga Island
0%
No matching quizzes found
Score Distribution
Percent of People with Each Score
Percentile by Number Answered
Your Score History
You have not taken this quiz